Open Data Biblioteca Nacional de Portugal


República Portuguesa: Ministério da Cultura
Biblioteca Nacional de Portugal

Catálogo da BNP: acesso por Identificadores Unívocos
Registos Bibliográficos associados ao registo de autoridade

Etiqueta de registo: 00254nam 2200025 450
001 2289117
003 http://id.bnportugal.gov.pt/bib/catbnp/2289117
010 ## $a978989339240-9
021 ## $aPT$b563575/26
100 ## $a20260629d2026 m d0pory01030103ba
101 0# $apor
102 ## $aPT
105 ## $aa z 000yy
106 ## $ar
200 1# $aPatrimónio imaterial e material de Outeiro Seco$fNuno Afonso dos Santos$gfot. Humberto Ferreira, Nuno Santos, José Carlos Costa
210 #9 $aOuteiro Seco$cJunta de Freguesia de Outeiro Seco,$dD.L. 2026
215 ## $a222 p.$cil.$d27 cm
700 #1 $92$aSantos,$bNuno Afonso dos$32002002
702 #1 $93$aFerreira,$bHumberto$4600$31421192
702 #1 $93$aCosta,$bJosé Carlos$4600$31911536
801 #0 $aPT$bBN$gRPC
971 ## $cssilva$d20260629

OpendataBNP@bnportugal.pt | Mais informação sobre acesso aos dados BNP